000 00630nam a2200229Ia 4500
003 OSt
005 20220918183412.0
006 a|||||r|||| 00| 0
007 ta
008 220917b |||||||| |||| 00| 0 eng d
024 _a37,820
037 _cTextual
040 _aARTS
_cARTS
_beng
041 _2eng
_aeng
082 _aO113:2N11x, 111K2
100 _aFrish Max
_916629
245 0 _aThree plays
_b he fire raisers count oderland and Andorra tr by Michael Bullock
260 _c1962
650 _aENGLISH LITERATURE
942 _hO113:2N11x, 111K2
_cTEXL
_2CC
999 _c172539
_d172539